De las astreinte y otros escritos / Rafael Luciano Pichardo (Registro nro. 11582)
[ vista simple ]
| 000 -LEADER | |
|---|---|
| fixed length control field | 00520nam a22001931a 4500 |
| 001 - CONTROL NUMBER | |
| control field | 11582 |
| 003 - CONTROL NUMBER IDENTIFIER | |
| control field | OSt |
| 005 - DATE AND TIME OF LATEST TRANSACTION | |
| control field | 20260204212248.0 |
| 008 - FIXED-LENGTH DATA ELEMENTS--GENERAL INFORMATION | |
| fixed length control field | 130117s2000||||dr ||||||b||||||||||spa|| |
| 020 ## - NUMERO DE LIBRO INTERNACIONAL NORMALIZADO | |
| International Standard Book Number | 9789945140712 |
| 050 ## - LIBRARY OF CONGRESS CALL NUMBER | |
| Classification number | RD 340.7293 P583a |
| 100 ## - ASIENTO PRINCIPAL -- NOMBRE PERSONAL | |
| Personal name | Pichardo, Rafael Luciano |
| 245 ## - TÍTULO PROPIAMENTE DICHO: SUBTÍTULO | |
| Title | De las astreinte y otros escritos / Rafael Luciano Pichardo |
| 250 ## - MENCIÓN DE EDICIÓN | |
| Edition statement | 2da. ed |
| 264 ## - PRODUCTION, PUBLICATION, DISTRIBUTION, MANUFACTURE, AND COPYRIGHT NOTICE | |
| Place of production, publication, distribution, manufacture | República Dominicana : Corripio |
| 300 ## - PHYSICAL DESCRIPTION | |
| Extensión | 536 P |
| 650 ## - ASIENTO SECUNDARIO DE MATERIA -- TERMINO TEMÁTICO | |
| Termino Temático Como Elemento de Entrada | Derecho - Republica DominicanaÌ |
| 942 ## - ADDED ENTRY ELEMENTS (KOHA) | |
| Source of classification or shelving scheme | Dewey Decimal Classification |
| Koha item type | Libros |
| Withdrawn status | Lost status | Source of classification or shelving scheme | Damaged status | Not for loan | Current library | Date acquired | Total Checkouts | Full call number | Barcode | Date last seen | Price effective from | Koha item type |
|---|---|---|---|---|---|---|---|---|---|---|---|---|
| Dewey Decimal Classification | Biblioteca UTECO | 09/09/2019 | RD 340.7293 P583A | 016679 | 09/09/2019 | 09/09/2019 | Libros | |||||
| Dewey Decimal Classification | Biblioteca UTECO | 09/09/2019 | RD 340.7293 P583A | 016680 | 09/09/2019 | 09/09/2019 | Libros | |||||
| Dewey Decimal Classification | Biblioteca UTECO | 09/09/2019 | RD 340.7293 P583A | 016681 | 09/09/2019 | 09/09/2019 | Libros |
